Matilda - School Song (Alphabet Song) - Statistics

General Stats
  • This quiz has been taken 553 times
  • The average score is 21 of 26
Answer Stats
Letter Word % Correct
A Able
96%
B Be
95%
I I
94%
C See
90%
E Even
88%
J Jail
88%
K Cage
87%
F Effort
87%
D Tragedy
87%
L Hell
86%
G Energy
85%
O Over
84%
M Remember
84%
Q Curious
82%
Y Why
82%
N Ended
81%
U You
80%
H Ancient
77%
P Peeling
76%
Z (Two words) Phys Ed
76%
T Teach
75%
X Extremely
74%
R Asked
71%
W double you
58%
V Severely
58%
S Suffer
58%
No matching quizzes found
Score Distribution
Percent of People with Each Score
Percentile by Number Answered
Your Score History
You have not taken this quiz